000 01037nam a2200265 a 4500
001 ebr10698309
003 CaPaEBR
006 m o u
007 cr cn|||||||||
008 130523s2010 stkad sd 000 0 eng d
020 _z9781904445869
020 _z9781849950244 (e-book)
040 _aCaPaEBR
_cCaPaEBR
035 _a(OCoLC)843860790
050 1 4 _aTH9215
_b.J66 2010eb
100 1 _aJones, Clifford.
245 1 0 _aDictionary of fire protection engineering
_h[electronic resource] /
_cClifford Jones.
260 _aDunbeath, Scotland :
_bWhittles Pub.,
_c2010.
300 _av, 297 p. :
_bill.
533 _aElectronic reproduction.
_bPalo Alto, Calif. :
_cebrary,
_d2013.
_nAvailable via World Wide Web.
_nAccess may be limited to ebrary affiliated libraries.
650 0 _aFire protection engineering
_vDictionaries.
655 7 _aElectronic books.
_2local
710 2 _aebrary, Inc.
856 4 0 _uhttp://site.ebrary.com/lib/rucke/Doc?id=10698309
_zAn electronic book accessible through the World Wide Web; click to view
999 _c7613
_d7613